Statistics for Palindromic Places

Click here to take the quiz!

General Stats

  • This quiz has been taken 5 times
  • The average score is 2 of 13

Answer Stats

HintAnswer% Correct
LavalFrance
80%
AdaUSA
20%
EpeNetherlands
20%
EyeUK
20%
OttoUSA
20%
CallacFrance
20%
Ward DrawUSA
20%
DadHungary
0%
NavanIreland
0%
CatacPeru
0%
AkakaskaJapan
0%
ArrawarraAustralia
0%
AssamassaPortugal
0%

Score Distribution

Percentile by Number Answered

Percent of People with Each Score

Your Score History

You have not taken this quiz